000 00297nam a22001217a 4500
008 170607b xxu||||| |||| 00| 0 eng d
041 _aeng
080 _a94
100 _a17
101 _aSHH
245 _aGONDUCT UNBECOMING GAYS LESBIAN IN THE US MILITARY
_cSHILTS.R
942 _2udc
_cBK
999 _c16236
_d16236